| 000 | 00348nam a2200133Ia 4500 | ||
|---|---|---|---|
| 005 | 20260328101456.0 | ||
| 008 | 260328s9999||||xx |||||||||||||| ||und|| | ||
| 100 | _aStephens, Suzanna MW | ||
| 245 | 4 |
_aThe big Book of green Design / _cSuzanna MW Stephens |
|
| 260 | _bCollins Design | ||
| 300 | _a383 p. | ||
| 650 | _aDISEÑO INDUSTRIAL | ||
| 942 | _cBK | ||
| 999 |
_c8841 _d8841 |
||